Hauptstädte der Welt ohne E im Namen - Statistiken

Allgemein
  • Dieses Quiz wurde 157 mal gespielt
    23 seit der letzten Aktualisierung
  • Das Durchschnittsergebnis liegt bei 87 aus 122
Antwortstatistiken
Hint Antwort % Korrekt
Dublin
100%
London
100%
Stockholm
100%
Tunis
100%
Lima
95%
Madrid
95%
Nairobi
95%
Oslo
95%
Prag
95%
Riad
95%
Tiflis
95%
Tokio
95%
Warschau
95%
Washington
95%
Bagdad
90%
Baku
90%
Hanoi
90%
Kingston
90%
Kingstown
90%
Minsk
90%
Moskau
90%
Ottawa
90%
Panama-Stadt
90%
Paris
90%
Riga
90%
Rom
90%
Tripolis
90%
Vilnius
90%
Ankara
86%
Bangkok
86%
Islamabad
86%
Kabul
86%
Lissabon
86%
Monaco
86%
Amman
81%
Bamako
81%
Bogota
81%
Brasilia
81%
Caracas
81%
Dodoma
81%
Jakarta
81%
Kairo
81%
Quito
81%
Rabat
81%
Vatikanstadt
81%
Dakar
76%
Dhaka
76%
Kathmandu
76%
Manila
76%
Sanaa
76%
San Marino
76%
Suva
76%
Tallinn
76%
Vaduz
76%
Asgabat
71%
Amerika Asuncion
71%
Damaskus
71%
Dili
71%
Funafuti
71%
Havanna
71%
Juba
71%
Khartum
71%
Kuwait-Stadt
71%
Luanda
71%
Managua
71%
Maskat
71%
Nassau
71%
Nikosia
71%
Pjöngjang
71%
Pristina
71%
Sofia
71%
Tirana
71%
Ozeanien Apia
67%
Europa Bratislava
67%
Dschibuti
67%
Lusaka
67%
Podgorica
67%
Thimphu
67%
Ulan bator
67%
Afrika Abuja
62%
Accra
62%
Astana
62%
Chisinau
62%
Doha
62%
Kapstadt
62%
Kinshasa
62%
La Paz
62%
Mogadischu
62%
Port of Spain
62%
Saint John's
62%
Asmara
57%
Bissau
57%
Kampala
57%
Port Louis
57%
Port Vila
57%
Santo-Domingo
57%
Victoria
57%
Antananarivo
52%
Banjul
52%
Colombo
52%
Kuala Lumpur
52%
Ljubljana
52%
Majuro
52%
Manama
52%
Porto-Novo
52%
San Salvador
52%
Singapur
52%
Asien Abu-Dhabi
48%
Maputo
48%
Yamoussoukro
48%
Bangui
43%
Conakry
43%
Honiara
43%
Monrovia
43%
Moroni
43%
Ouagadougou
43%
Paramaribo
43%
Praia
38%
Naypyidaw
33%
Palikir
33%
Nuku'alofa
29%
Nuakschott
19%
Keine übereinstimmenden Quizze gefunden
Verteilung der Resultate
Anzahl Personen mit jedem Resultat
Perzentil nach korrekt beantworteten Fragen
Ihre Resultats-Entwicklung
Sie haben dieses Quiz seit der letzten Aktualisierung nicht gespielt